'' If I am Assassinaled'' / (Record no. 9000)
[ view plain ]
| 000 -LEADER | |
|---|---|
| fixed length control field | 00590nam a22002177a 4500 |
| 001 - CONTROL NUMBER | |
| JCCL Control Number | 9000 |
| 003 - CONTROL NUMBER IDENTIFIER | |
| JCCL marc code | BD-JhCC |
| 005 - DATE AND TIME OF LATEST TRANSACTION | |
| control field | 20181002173837.0 |
| 008 - FIXED-LENGTH DATA ELEMENTS--GENERAL INFORMATION | |
| fixed length control field | 180306s1979 ii ||||| |||| 00| 0 eng d |
| 035 ## - SYSTEM CONTROL NUMBER | |
| system control number | (BD-JhCC) 9000 |
| 040 ## - CATALOGING SOURCE | |
| Original cataloging agency | BD-JhCC |
| Modifying agency | BD-JhCC |
| 041 ## - LANGUAGE CODE | |
| Language code of Book | eng |
| 082 ## - DEWEY DECIMAL CLASSIFICATION NUMBER | |
| Classification number | 345.54910 |
| Author mark and Year | BHU 1979 |
| 100 ## - MAIN ENTRY--PERSONAL NAME | |
| Personal name | Bhutto, Zulfikar Ali |
| 245 ## - TITLE STATEMENT | |
| Title | '' If I am Assassinaled'' / |
| Remainder of title | Zulfikar Ali Bhutto |
| 260 ## - PUBLICATION, DISTRIBUTION, ETC. (IMPRINT) | |
| Place of publication, distribution, etc | India ; |
| Name of publisher, distributor, etc | Vikas Publishing House Pvt Ltd |
| Date of publication, distribution, etc | Bhu 1979 |
| 300 ## - PHYSICAL DESCRIPTION | |
| Pagination | 204. p ; |
| Dimensions | 18 cm |
| 650 ## - SUBJECT ADDED ENTRY--TOPICAL TERM | |
| Topical term or geographic name as entry element | Politis and Goverment |
| Geographic subdivision | Pakistan |
| 942 ## - ADDED ENTRY ELEMENTS (KOHA) | |
| Source of classification or shelving scheme | Dewey Decimal Classification |
| Koha item type | Books |
| Source of classification or shelving scheme | Damaged status | Not for loan | Home library | Current library | Shelving location | Date of accession | Total Checkouts | Full call number | Barcode | Date last seen | Copy number | Koha item type |
|---|---|---|---|---|---|---|---|---|---|---|---|---|
| Dewey Decimal Classification | JCC Rouf Library | JCC Rouf Library | General Stacks | 03/06/2018 | 345.54910 BHU 1979 | 11991 | 03/06/2018 | C-1 | Books |